000 00519nam a2200157 i 4500
001 147859
003 ES-MaACL
005 20230906202306.0
007 t|
008 071008s1961 sp ||||1| spa d
100 1 _aUrritia, José Luis de.
_9112233
245 1 0 _aTeología del Sagrado Corazón
_b: historia, problemática, práctica : documentos pontificios /
_cJosé Luis de Urritia.
260 _aMadrid :
_bApostolado de la Prensa,
_c[1961]
300 _a367 p. ;
_c42 cm.
852 _aES-MaACL
_jC-20660
_bR.49235
999 _c147859
_d147859